Countries with Territorial Claims in Antarctica - Statistics

General Stats
  • This quiz has been taken 94 times
  • The average score is 6 of 7
Answer Stats
Answer % Correct
United Kingdom
98%
Australia
94%
New Zealand
91%
Argentina
90%
Chile
86%
France
85%
Norway
74%
No matching quizzes found
Score Distribution
Percent of People with Each Score
Percentile by Number Answered
Your Score History
You have not taken this quiz